Bibliothèque laffont des thèmes
Spremljeno u:
| Glavni autor: | |
|---|---|
| Format: | Knjiga |
| Jezik: | Undetermined |
| Izdano: |
Paris
Editions Grammont S.A.,
1976
|
| Teme: | |
| Oznake: |
Dodaj oznaku
Bez oznaka, Budi prvi tko označuje ovaj zapis!
|
| Thư viện lưu trữ: | Trung tâm Học liệu Trường Đại học Cần Thơ |
|---|
| LEADER | 00513nam a2200193Ia 4500 | ||
|---|---|---|---|
| 001 | CTU_84382 | ||
| 008 | 210402s9999 xx 000 0 und d | ||
| 082 | |a 909.83 | ||
| 082 | |b K12 | ||
| 100 | |a Kahn, Herman | ||
| 245 | 0 | |a Bibliothèque laffont des thèmes | |
| 245 | 0 | |c Herman Kahn | |
| 260 | |a Paris | ||
| 260 | |b Editions Grammont S.A., | ||
| 260 | |c 1976 | ||
| 650 | |a Twenty-first century | ||
| 650 | |x Forecasts | ||
| 904 | |i QHieu(sửa) | ||
| 980 | |a Trung tâm Học liệu Trường Đại học Cần Thơ | ||